[Event "MCRE_SF13"]
[Site "?"]
[Date "2008.??.??"]
[Round "1"]
[White "Bares, Jiri"]
[Black "Binas, Jindrich"]
[Result "1/2-1/2"]
[WhiteElo "2259"]
[BlackElo "2094"]
[PlyCount "84"]
[EventDate "2008.??.??"]
[EventType "corr"]
[EventRounds "2"]
[SourceDate "2008.05.08"]

1. d4 Nf6 2. c4 e6 3. Nc3 Bb4 4. Qc2 O-O 5. a3 Bxc3+ 6. Qxc3 b6 7. Bg5 Bb7 8.
f3 h6 9. Bh4 d5 10. e3 Re8 11. Bd3 Nbd7 12. Ne2 c5 13. O-O Rc8 14. b3 cxd4 15.
exd4 Ba6 16. Qb4 dxc4 17. Bxc4 Bxc4 18. bxc4 e5 19. Rac1 a6 20. Rfd1 Qc7 21.
Bg3 Qa7 22. Bf2 Qb8 23. d5 e4 24. fxe4 Nxe4 25. Bd4 Qc7 26. Rc2 Qd8 27. Nf4 a5
28. Qb3 Nd6 29. Nd3 Nf5 30. Qb2 Qg5 31. Bf2 Ne3 32. Bxe3 Qxe3+ 33. Kf1 Ne5 34.
Nxe5 Rxe5 35. Rf2 Rxc4 36. d6 Rc8 37. Rf3 Qc5 38. Qd4 Rd8 39. a4 Qxd4 40. Rxd4
b5 41. axb5 Rxb5 42. Ra3 Rd7 1/2-1/2

[Event "MCRE_SF13"]
[Site "?"]
[Date "2008.??.??"]
[Round "1"]
[White "Bares, Jiri"]
[Black "Glaser, Karel"]
[Result "1/2-1/2"]
[WhiteElo "2259"]
[BlackElo "2161"]
[PlyCount "74"]
[EventDate "2008.??.??"]
[EventType "corr"]
[EventRounds "2"]
[SourceDate "2008.05.08"]

1. d4 Nf6 2. c4 e6 3. Nc3 Bb4 4. Qc2 O-O 5. a3 Bxc3+ 6. Qxc3 b6 7. Bg5 Bb7 8.
f3 h6 9. Bh4 d5 10. e3 Nbd7 11. cxd5 Nxd5 12. Bxd8 Nxc3 13. Bh4 Nd5 14. Bf2 Ne7
15. e4 c5 16. Bb5 Bc6 17. Bxc6 Nxc6 18. Ne2 cxd4 19. Nxd4 Rac8 20. O-O Nxd4 21.
Bxd4 Nc5 22. Rad1 f6 23. e5 fxe5 24. Bxe5 Rfd8 25. Rxd8+ Rxd8 26. f4 Rd5 27. b4
Nd3 28. Bc3 e5 29. fxe5 Nxe5 30. a4 Nd3 31. Rf3 a5 32. bxa5 bxa5 33. Kf1 g5 34.
Rf6 Nc5 35. Bxa5 Kg7 36. Rf3 Nxa4 37. Bb4 Kg6 1/2-1/2

[Event "MCRE_SF13"]
[Site "?"]
[Date "2008.??.??"]
[Round "1"]
[White "Bares, Jiri"]
[Black "Jerabek, Zdenek"]
[Result "1-0"]
[WhiteElo "2259"]
[BlackElo "2241"]
[PlyCount "39"]
[EventDate "2008.??.??"]
[EventType "corr"]
[EventRounds "2"]
[SourceDate "2008.05.08"]

1. d4 Nf6 2. c4 e6 3. Nc3 d5 4. Bg5 Nbd7 5. Nf3 dxc4 6. e4 h6 7. Bxf6 Qxf6 8.
Bxc4 c6 9. O-O e5 10. dxe5 Nxe5 11. Nxe5 Qxe5 12. Qb3 Qh5 13. Nb5 cxb5 14.
Bxb5+ Ke7 15. e5 Qg4 16. h3 Qe6 17. Qb4+ Kd8 18. Qc3 Bd7 19. Rad1 Rc8 20. Qa5+
1-0

[Event "MCRE_SF13"]
[Site "?"]
[Date "2008.??.??"]
[Round "1"]
[White "Bares, Jiri"]
[Black "Kudr, Roman"]
[Result "1/2-1/2"]
[WhiteElo "2259"]
[BlackElo "2182"]
[PlyCount "74"]
[EventDate "2008.??.??"]
[EventType "corr"]
[EventRounds "2"]
[SourceDate "2008.05.08"]

1. d4 Nf6 2. c4 e6 3. Nc3 Bb4 4. Qc2 O-O 5. a3 Bxc3+ 6. Qxc3 b6 7. Bg5 Bb7 8.
f3 h6 9. Bh4 d5 10. e3 Re8 11. Bd3 Nbd7 12. Ne2 c5 13. O-O e5 14. Rad1 cxd4 15.
exd4 Rc8 16. b3 dxc4 17. bxc4 Qc7 18. Rc1 e4 19. Bg3 Qc6 20. fxe4 Nxe4 21. Qb2
Ndf6 22. Bh4 Ng4 23. d5 Qc7 24. Rf4 f5 25. Qd4 Nc5 26. Bxf5 Nb3 27. Qd1 Rxe2
28. Rxg4 Nxc1 29. Bf6 Rce8 30. Be6+ R8xe6 31. dxe6 Rxg2+ 32. Rxg2 Bxg2 33. e7
Kf7 34. Bxg7 Qc5+ 35. Kxg2 Qg5+ 36. Kf2 Qxg7 37. Qxc1 Qf6+ 1/2-1/2

[Event "MCRE_SF13"]
[Site "?"]
[Date "2008.??.??"]
[Round "1"]
[White "Bares, Jiri"]
[Black "Portych, Vaclav"]
[Result "0-1"]
[WhiteElo "2259"]
[BlackElo "2187"]
[PlyCount "58"]
[EventDate "2008.??.??"]
[EventType "corr"]
[EventRounds "2"]
[SourceDate "2008.05.08"]

1. d4 Nf6 2. c4 e6 3. Nc3 Bb4 4. Qc2 O-O 5. a3 Bxc3+ 6. Qxc3 b6 7. Bg5 Bb7 8.
f3 h6 9. Bh4 d5 10. e3 Re8 11. Bd3 Nbd7 12. Ne2 c5 13. O-O e5 14. Rad1 cxd4 15.
exd4 Rc8 16. b3 dxc4 17. bxc4 exd4 18. Nxd4 Nd5 19. Qa1 Qxh4 20. cxd5 Rc5 21.
Nf5 Qf6 22. Qxf6 Nxf6 23. d6 Kf8 24. Rc1 Rec8 25. Rxc5 Rxc5 26. Ne7 Ne8 27.
Ng6+ fxg6 28. d7 Ke7 29. d8=Q+ Kxd8 0-1

[Event "MCRE_SF13"]
[Site "?"]
[Date "2008.??.??"]
[Round "1"]
[White "Bares, Jiri"]
[Black "Struzka, Vlastimil"]
[Result "1-0"]
[WhiteElo "2259"]
[BlackElo "2117"]
[PlyCount "111"]
[EventDate "2008.??.??"]
[EventType "corr"]
[EventRounds "2"]
[SourceDate "2008.05.08"]

1. d4 d5 2. c4 e6 3. Nf3 Nf6 4. Bg5 dxc4 5. Nc3 c6 6. e4 b5 7. e5 h6 8. Bh4 g5
9. Nxg5 hxg5 10. Bxg5 Nbd7 11. exf6 Qa5 12. g3 Bb7 13. Bg2 O-O-O 14. O-O Nb6
15. Ne4 c5 16. Bd2 Qa6 17. dxc5 Bxe4 18. Bxe4 Bxc5 19. Qe2 Bd4 20. Bc3 Na4 21.
Bxd4 Rxd4 22. Bg2 Rhd8 23. Qh5 Nxb2 24. Rab1 c3 25. Qc5+ Kb8 26. Qxc3 Nd3 27.
Rfd1 Qb6 28. Bf1 b4 29. Qc2 Ne5 30. Rxd4 Rxd4 31. Rc1 Qb7 32. Be2 Rd5 33. Qa4
Qb6 34. Ba6 Rc5 35. Qe8+ Kc7 36. Qc8+ Kd6 37. Qf8+ Kc6 38. Rd1 Rd5 39. Qe8+ Kc5
40. Rc1+ Kd4 41. Be2 Ke4 42. Qg8 Rd2 43. Rc4+ Rd4 44. Rc2 a5 45. Kf1 a4 46. f3+
Kf5 47. h4 Ng6 48. Qxf7 b3 49. axb3 axb3 50. Rb2 Qd6 51. g4+ Kf4 52. Qxg6 Kg3
53. Qb1 Kh3 54. f7 Qg3 55. Bd1 Rf4 56. Rf2 1-0

[Event "MCRE_SF13"]
[Site "?"]
[Date "2008.??.??"]
[Round "1"]
[White "Cvak, Rudolf"]
[Black "Glaser, Karel"]
[Result "1/2-1/2"]
[WhiteElo "2264"]
[BlackElo "2161"]
[PlyCount "109"]
[EventDate "2008.??.??"]
[EventType "corr"]
[EventRounds "2"]
[SourceDate "2008.05.08"]

1. e4 e5 2. Nf3 Nc6 3. Bb5 a6 4. Ba4 Nf6 5. O-O Be7 6. Re1 b5 7. Bb3 O-O 8. c3
d6 9. h3 Na5 10. Bc2 c5 11. d4 Qc7 12. Nbd2 cxd4 13. cxd4 Nc6 14. Nb3 a5 15.
Be3 a4 16. Nbd2 Bd7 17. Rc1 Rac8 18. Bd3 Qb8 19. Qe2 Nb4 20. Bb1 Rc6 21. a3
Rfc8 22. Nb3 Rxc1 23. Nxc1 Nc6 24. Nd3 Bd8 25. dxe5 dxe5 26. Ba2 Be8 27. Rc1
Nxe4 28. Nfxe5 Nxe5 29. Rxc8 Qxc8 30. Nxe5 Bf6 31. Ng4 Be7 32. Qd3 Nc5 33. Qc2
Qc6 34. Ne5 Qd6 35. f4 Ne6 36. Qe4 Bf6 37. Kf2 g6 38. Qd5 Qc7 39. Qa8 Kf8 40.
Qe4 Qd6 41. g3 Kg7 42. Qd5 Qc7 43. h4 Kg8 44. Bb1 Qe7 45. Bd2 h5 46. Be4 Nc7
47. Qd4 Ne6 48. Qe3 Qc5 49. Bc3 Be7 50. Nd3 Qxe3+ 51. Kxe3 Nc5 52. Bd5 Nxd3 53.
Kxd3 Bc5 54. Bd4 Be7 55. Be5 1/2-1/2

[Event "MCRE_SF13"]
[Site "?"]
[Date "2008.??.??"]
[Round "1"]
[White "Cvak, Rudolf"]
[Black "Jerabek, Zdenek"]
[Result "1-0"]
[WhiteElo "2264"]
[BlackElo "2241"]
[PlyCount "43"]
[EventDate "2008.??.??"]
[EventType "corr"]
[EventRounds "2"]
[SourceDate "2008.05.08"]

1. e4 c5 2. Nf3 d6 3. d4 cxd4 4. Nxd4 Nf6 5. Nc3 a6 6. f3 e5 7. Nb3 Be6 8. Be3
d5 9. exd5 Nxd5 10. Nxd5 Bxd5 11. Bd3 Nc6 12. O-O Nb4 13. Rf2 Bxb3 14. axb3
Nxd3 15. Rd2 Qc7 16. Rxd3 Bc5 17. Bxc5 Qxc5+ 18. Kf1 O-O 19. Rd5 Qe3 20. Ra4
Rad8 21. Rxd8 Rxd8 22. Qxd8# 1-0

[Event "MCRE_SF13"]
[Site "?"]
[Date "2008.??.??"]
[Round "1"]
[White "Cvak, Rudolf"]
[Black "Kudr, Roman"]
[Result "0-1"]
[WhiteElo "2264"]
[BlackElo "2182"]
[PlyCount "88"]
[EventDate "2008.??.??"]
[EventType "corr"]
[EventRounds "2"]
[SourceDate "2008.05.08"]

1. e4 e5 2. Nf3 Nc6 3. Bb5 a6 4. Ba4 Nf6 5. d4 exd4 6. O-O Be7 7. e5 Ne4 8.
Nxd4 O-O 9. Nf5 d5 10. Bxc6 bxc6 11. Nxe7+ Qxe7 12. Re1 Re8 13. f3 Nd6 14. b3
f6 15. Bb2 Nf7 16. f4 fxe5 17. fxe5 Bf5 18. Nd2 Ng5 19. Nf1 Ne6 20. Ne3 Be4 21.
Qg4 Qc5 22. Kh1 a5 23. Nf5 Bxf5 24. Qxf5 g6 25. Qd3 a4 26. Rf1 axb3 27. axb3
Rxa1 28. Rxa1 Rf8 29. Ba3 Qa7 30. h3 Rf2 31. Bb2 Qc5 32. Ra8+ Kf7 33. Rh8 Ng5
34. h4 Qxc2 35. Qxc2 Rxc2 36. hxg5 Rxb2 37. Rxh7+ Ke6 38. Kg1 d4 39. Kf1 d3 40.
Ke1 Kxe5 41. Rxc7 Kd4 42. Rg7 Rxb3 43. Rxg6 c5 44. Kd2 c4 0-1

[Event "MCRE_SF13"]
[Site "?"]
[Date "2008.??.??"]
[Round "1"]
[White "Cvak, Rudolf"]
[Black "Portych, Vaclav"]
[Result "1/2-1/2"]
[WhiteElo "2264"]
[BlackElo "2187"]
[PlyCount "72"]
[EventDate "2008.??.??"]
[EventType "corr"]
[EventRounds "2"]
[SourceDate "2008.05.08"]

1. e4 c5 2. Nf3 Nc6 3. d4 cxd4 4. Nxd4 Nf6 5. Nc3 e5 6. Ndb5 d6 7. Bg5 a6 8.
Na3 b5 9. Bxf6 gxf6 10. Nd5 f5 11. Bxb5 axb5 12. Nxb5 Ra4 13. b4 Qh4 14. O-O
Rg8 15. c4 Rxb4 16. Nxb4 Nxb4 17. g3 Qe7 18. exf5 Bxf5 19. Qa4 Nc6 20. Rad1 Qb7
21. Rxd6 Rg6 22. Rd5 Ke7 23. f4 Be4 24. Re1 Bxd5 25. cxd5 Kf6 26. fxe5+ Kg7 27.
dxc6 Qxc6 28. Re4 Qc1+ 29. Kg2 Bc5 30. Qc4 Qg1+ 31. Kh3 Rh6+ 32. Rh4 Rxh4+ 33.
Kxh4 Qxh2+ 34. Kg4 h5+ 35. Kf3 Qf2+ 36. Ke4 Qg2+ 1/2-1/2

[Event "MCRE_SF13"]
[Site "?"]
[Date "2008.??.??"]
[Round "1"]
[White "Cvak, Rudolf"]
[Black "Struzka, Vlastimil"]
[Result "0-1"]
[WhiteElo "2264"]
[BlackElo "2117"]
[PlyCount "216"]
[EventDate "2008.??.??"]
[EventType "corr"]
[EventRounds "2"]
[SourceDate "2008.05.08"]

1. e4 e5 2. Nf3 Nc6 3. Bb5 a6 4. Ba4 Nf6 5. d4 exd4 6. O-O Be7 7. e5 Ne4 8.
Nxd4 O-O 9. Nf5 d5 10. Bxc6 bxc6 11. Nxe7+ Qxe7 12. Re1 Re8 13. f3 Nd6 14. b3
f6 15. Bb2 Nf7 16. f4 fxe5 17. fxe5 Bf5 18. Nd2 Ng5 19. Nf1 Ne6 20. Ne3 Be4 21.
Qg4 a5 22. a4 Qc5 23. h3 Rab8 24. Kh2 Bg6 25. Qd1 Qb4 26. Qf3 d4 27. Nf5 Rf8
28. g4 Bxf5 29. gxf5 Qd2+ 30. Re2 Rxf5 31. Qxf5 Qxe2+ 32. Kh1 Re8 33. Rf1 Kh8
34. Rf2 Qe1+ 35. Kg2 Qb4 36. Qf7 Qb8 37. Qd7 c5 38. Bc1 Nf8 39. Qd5 h6 40. Qxc5
Qa8+ 41. Kg1 Ne6 42. Qc4 Qe4 43. Qe2 Qd5 44. Qh5 Re7 45. Qf5 c5 46. Bd2 c4 47.
bxc4 Qxc4 48. Bxa5 Qxa4 49. Bc7 Qc4 50. Bd6 Rb7 51. Qe4 Rb1+ 52. Kg2 Ra1 53. h4
Qb5 54. Kh3 Qd7 55. Kg3 Qc8 56. Kg2 Qc3 57. Bf8 Qc8 58. Be7 Qc7 59. Bd6 Qa5 60.
Kh2 Rd1 61. h5 Qd8 62. Qg4 Rc1 63. Qe4 Ra1 64. Qg4 Re1 65. Rf7 Qa8 66. Qg2 Qe8
67. Rf5 Qd8 68. Qg4 Qa8 69. Qg2 Qe8 70. Bb4 Rc1 71. Ba3 Ra1 72. Bd6 Ra2 73. Qe4
Ng5 74. Qg4 Rxc2+ 75. Kg3 Rc3+ 76. Kh2 Rc2+ 77. Kg3 Rc3+ 78. Kh2 Kh7 79. Rf8
Qe6 80. Qxe6 Nxe6 81. Rf1 Re3 82. Kg2 d3 83. Kf2 Re2+ 84. Kg3 Ng5 85. Rd1 d2
86. Bb4 Rxe5 87. Rxd2 Ne4+ 88. Kf4 Rxh5 89. Ra2 Rh4+ 90. Ke3 g5 91. Be1 Rg4 92.
Ra4 Nf6 93. Ra6 Rf4 94. Ke2 Kg6 95. Bg3 Rf5 96. Ra4 h5 97. Bf2 Rb5 98. Bd4 h4
99. Kf2 Rf5+ 100. Ke2 Rf4 101. Kd3 g4 102. Ra1 Rf3+ 103. Ke2 Nh5 104. Ra6+ Kg5
105. Ra5+ Rf5 106. Be3+ Nf4+ 107. Bxf4+ Kxf4 108. Ra6 Kg3 0-1

[Event "MCRE_SF13"]
[Site "?"]
[Date "2008.??.??"]
[Round "1"]
[White "Glaser, Karel"]
[Black "Binas, Jindrich"]
[Result "1/2-1/2"]
[WhiteElo "2261"]
[BlackElo "2094"]
[PlyCount "51"]
[EventDate "2008.??.??"]
[EventType "corr"]
[EventRounds "2"]
[SourceDate "2008.05.08"]

1. e4 c5 2. Nf3 d6 3. d4 cxd4 4. Nxd4 Nf6 5. Nc3 Nc6 6. Be2 e5 7. Nb3 Be7 8.
O-O O-O 9. Be3 a5 10. Bf3 Be6 11. a3 a4 12. Nc1 Na5 13. Nd3 Nc4 14. Bc1 Qa5 15.
Nb4 Rfc8 16. Qe2 Rc5 17. Rd1 Qd8 18. Qe1 Qd7 19. Rb1 Bd8 20. Rd3 h6 21. Be2 Kh8
22. Bf1 Kh7 23. h3 Kh8 24. Qd1 Rac8 25. Ra1 Ba5 26. Qf3 1/2-1/2

[Event "MCRE_SF13"]
[Site "?"]
[Date "2008.??.??"]
[Round "1"]
[White "Glaser, Karel"]
[Black "Struzka, Vlastimil"]
[Result "1/2-1/2"]
[WhiteElo "2261"]
[BlackElo "2117"]
[PlyCount "71"]
[EventDate "2008.??.??"]
[EventType "corr"]
[EventRounds "2"]
[SourceDate "2008.05.08"]

1. e4 e5 2. Nf3 Nc6 3. Bb5 a6 4. Ba4 Nf6 5. O-O Be7 6. Re1 b5 7. Bb3 d6 8. c3
O-O 9. h3 Na5 10. Bc2 c5 11. d4 cxd4 12. cxd4 Qc7 13. Nbd2 Bb7 14. Nf1 Rfc8 15.
Bd3 d5 16. exd5 exd4 17. Nxd4 Nxd5 18. Nf5 Bf6 19. Nh2 Re8 20. Ng4 Nc4 21. Be4
Nxb2 22. Nxf6+ Nxf6 23. Bxb2 Bxe4 24. Nh6+ gxh6 25. Bxf6 Qf4 26. Qd4 Rac8 27.
Rad1 Re6 28. Bh8 Qg5 29. Rxe4 Rxe4 30. Qxe4 Kxh8 31. Rd6 Rc4 32. Qe8+ Kg7 33.
Rd3 Qc1+ 34. Kh2 Qf4+ 35. Rg3+ Kf6 36. Qa8 1/2-1/2

[Event "MCRE_SF13"]
[Site "?"]
[Date "2008.??.??"]
[Round "1"]
[White "Jerabek, Zdenek"]
[Black "Binas, Jindrich"]
[Result "0-1"]
[WhiteElo "2241"]
[BlackElo "2094"]
[PlyCount "44"]
[EventDate "2008.??.??"]
[EventType "corr"]
[EventRounds "2"]
[SourceDate "2008.05.08"]

1. e4 c5 2. Nf3 Nc6 3. d4 cxd4 4. Nxd4 Nf6 5. Nc3 e5 6. Ndb5 d6 7. Nd5 Nxd5 8.
exd5 Nb8 9. c4 Nd7 10. Be2 Be7 11. O-O O-O 12. Qd3 f5 13. f4 Nc5 14. Qf3 Bf6
15. fxe5 Bxe5 16. Bf4 Re8 17. Bxe5 Rxe5 18. b4 Ne4 19. Qe3 Bd7 20. Nxd6 Qe7 21.
Nxb7 Nf6 22. Qc5 Rxe2 0-1

[Event "MCRE_SF13"]
[Site "?"]
[Date "2008.??.??"]
[Round "1"]
[White "Jerabek, Zdenek"]
[Black "Glaser, Karel"]
[Result "0-1"]
[WhiteElo "2241"]
[BlackElo "2161"]
[PlyCount "44"]
[EventDate "2008.??.??"]
[EventType "corr"]
[EventRounds "2"]
[SourceDate "2008.05.08"]

1. e4 e5 2. Nf3 Nc6 3. Bb5 a6 4. Ba4 Nf6 5. O-O Be7 6. Re1 b5 7. Bb3 O-O 8. c3
d6 9. d4 Bg4 10. Bc2 exd4 11. cxd4 Nb4 12. d5 Bxf3 13. gxf3 Nd7 14. Na3 Qe8 15.
Bb1 f5 16. Qb3 f4 17. Bd2 Ne5 18. Bxb4 Qh5 19. Kg2 Rf6 20. Rh1 Nxf3 21. h4 Qg4+
22. Kf1 Rg6 0-1

[Event "MCRE_SF13"]
[Site "?"]
[Date "2008.??.??"]
[Round "1"]
[White "Jerabek, Zdenek"]
[Black "Kudr, Roman"]
[Result "0-1"]
[WhiteElo "2241"]
[BlackElo "2182"]
[PlyCount "40"]
[EventDate "2008.??.??"]
[EventType "corr"]
[EventRounds "2"]
[SourceDate "2008.05.08"]

1. e4 e5 2. Nf3 Nc6 3. d4 exd4 4. Nxd4 Nf6 5. Nxc6 bxc6 6. Bd3 d5 7. exd5 cxd5
8. O-O Be7 9. c4 O-O 10. cxd5 Nxd5 11. Qf3 Be6 12. Nd2 Rb8 13. Rd1 Qc8 14. h3
Nb4 15. Bb1 Rd8 16. Ne4 Rxd1+ 17. Qxd1 Qd8 18. Qe2 a5 19. Bd2 h6 20. Bc3 a4 0-1

[Event "MCRE_SF13"]
[Site "?"]
[Date "2008.??.??"]
[Round "1"]
[White "Jerabek, Zdenek"]
[Black "Portych, Vaclav"]
[Result "0-1"]
[WhiteElo "2241"]
[BlackElo "2187"]
[PlyCount "50"]
[EventDate "2008.??.??"]
[EventType "corr"]
[EventRounds "2"]
[SourceDate "2008.05.08"]

1. e4 c5 2. Nf3 Nc6 3. d4 cxd4 4. Nxd4 Nf6 5. Nc3 e5 6. Ndb5 d6 7. Nd5 Nxd5 8.
exd5 Nb8 9. Bd3 Be7 10. O-O O-O 11. Qh5 f5 12. Re1 a6 13. Nc3 Rf7 14. a4 e4 15.
Bc4 Bf6 16. Bf4 Nd7 17. a5 Ne5 18. Bf1 Bd7 19. Qd1 Rc8 20. Qd2 Qe7 21. Ra3 Ng6
22. Be3 f4 23. Bd4 Bxd4 24. Qxd4 e3 25. fxe3 f3 0-1

[Event "MCRE_SF13"]
[Site "?"]
[Date "2008.??.??"]
[Round "1"]
[White "Jerabek, Zdenek"]
[Black "Struzka, Vlastimil"]
[Result "0-1"]
[WhiteElo "2241"]
[BlackElo "2117"]
[PlyCount "24"]
[EventDate "2008.??.??"]
[EventType "corr"]
[EventRounds "2"]
[SourceDate "2008.05.08"]

1. e4 e5 2. Nf3 Nc6 3. Bb5 a6 4. Ba4 Nf6 5. O-O b5 6. Bb3 Bb7 7. d3 Bc5 8. Nc3
O-O 9. Nd5 Na5 10. Bg5 Bxd5 11. exd5 Re8 12. Nxe5 Rxe5 0-1

[Event "MCRE_SF13"]
[Site "?"]
[Date "2008.??.??"]
[Round "1"]
[White "Kudr, Roman"]
[Black "Binas, Jindrich"]
[Result "1/2-1/2"]
[WhiteElo "2282"]
[BlackElo "2094"]
[PlyCount "50"]
[EventDate "2008.??.??"]
[EventType "corr"]
[EventRounds "2"]
[SourceDate "2008.05.08"]

1. e4 c5 2. Nf3 Nc6 3. Bb5 d6 4. O-O Bd7 5. Re1 Nf6 6. c3 a6 7. Bf1 Bg4 8. d3
e6 9. h3 Bh5 10. Bf4 Be7 11. Nbd2 O-O 12. a4 d5 13. Qc2 b6 14. Ne5 Nxe5 15.
Bxe5 Qd7 16. g4 Bg6 17. f4 h6 18. f5 Bh7 19. Bg2 Rad8 20. Rad1 b5 21. b3 b4 22.
c4 dxc4 23. dxc4 Qd3 24. Qa2 Rfe8 25. Qb1 Qxb1 1/2-1/2

[Event "MCRE_SF13"]
[Site "?"]
[Date "2008.??.??"]
[Round "1"]
[White "Kudr, Roman"]
[Black "Glaser, Karel"]
[Result "1/2-1/2"]
[WhiteElo "2282"]
[BlackElo "2161"]
[PlyCount "41"]
[EventDate "2008.??.??"]
[EventType "corr"]
[EventRounds "2"]
[SourceDate "2008.05.08"]

1. e4 e5 2. Nf3 Nc6 3. d4 exd4 4. Nxd4 Bc5 5. Be3 Qf6 6. c3 Nge7 7. Be2 d5 8.
O-O O-O 9. Nxc6 Qxc6 10. Bxc5 Qxc5 11. Nd2 Be6 12. Nb3 Qb6 13. Bf3 Rad8 14.
exd5 Bxd5 15. Re1 Bc6 16. Qe2 Ng6 17. Bxc6 Qxc6 18. Nd4 Qd5 19. Qf3 c5 20. Qxd5
Rxd5 21. Nf3 1/2-1/2

[Event "MCRE_SF13"]
[Site "?"]
[Date "2008.??.??"]
[Round "1"]
[White "Kudr, Roman"]
[Black "Struzka, Vlastimil"]
[Result "1/2-1/2"]
[WhiteElo "2282"]
[BlackElo "2117"]
[PlyCount "77"]
[EventDate "2008.??.??"]
[EventType "corr"]
[EventRounds "2"]
[SourceDate "2008.05.08"]

1. e4 e5 2. Nf3 Nc6 3. d4 exd4 4. Nxd4 Bc5 5. Be3 Qf6 6. c3 a6 7. Be2 Nge7 8.
O-O O-O 9. Na3 d5 10. Nxc6 Qxc6 11. Bxc5 Qxc5 12. Bf3 Be6 13. Re1 Rad8 14. exd5
Bxd5 15. Qe2 Nc6 16. Bxd5 Qxd5 17. Nc4 f5 18. Rad1 Qf7 19. Rxd8 Rxd8 20. h3 b5
21. Ne5 Nxe5 22. Qxe5 Rd2 23. Re2 Rd5 24. Qf4 Qd7 25. Kh2 h6 26. h4 Kf7 27. Kg3
Kf6 28. h5 Rd1 29. Kh2 Rh1+ 30. Kxh1 Qd1+ 31. Re1 Qxe1+ 32. Kh2 Qe2 33. Qxc7
Qxh5+ 34. Kg3 Qe8 35. f4 Qe7 36. Qxe7+ Kxe7 37. Kf3 Ke6 38. Ke2 Kd5 39. Ke3
1/2-1/2

[Event "MCRE_SF13"]
[Site "?"]
[Date "2008.??.??"]
[Round "1"]
[White "Portych, Vaclav"]
[Black "Binas, Jindrich"]
[Result "1/2-1/2"]
[WhiteElo "2187"]
[BlackElo "2094"]
[PlyCount "71"]
[EventDate "2008.??.??"]
[EventType "corr"]
[EventRounds "2"]
[SourceDate "2008.05.08"]

1. c4 Nf6 2. Nc3 e5 3. Nf3 Nc6 4. g3 Bc5 5. Bg2 d6 6. d3 h6 7. O-O a6 8. a3 O-O
9. b4 Ba7 10. Bb2 Be6 11. Nd2 Qd7 12. Nd5 Nh7 13. e3 f5 14. Qc2 Rae8 15. Rac1
Ng5 16. h4 Nh7 17. b5 Ne7 18. a4 axb5 19. Nxe7+ Rxe7 20. axb5 f4 21. Ra1 Bb6
22. Rfe1 fxg3 23. fxg3 c6 24. bxc6 bxc6 25. Ne4 d5 26. c5 Bc7 27. Nd6 Bh3 28.
e4 Bxg2 29. Kxg2 Nf6 30. Rf1 Bxd6 31. cxd6 Ree8 32. Ba3 Ng4 33. Qe2 d4 34.
Rxf8+ Rxf8 35. Bc5 Ne3+ 36. Kh2 1/2-1/2

[Event "MCRE_SF13"]
[Site "?"]
[Date "2008.??.??"]
[Round "1"]
[White "Portych, Vaclav"]
[Black "Glaser, Karel"]
[Result "1-0"]
[WhiteElo "2187"]
[BlackElo "2161"]
[PlyCount "65"]
[EventDate "2008.??.??"]
[EventType "corr"]
[EventRounds "2"]
[SourceDate "2008.05.08"]

1. c4 Nf6 2. Nc3 e6 3. Nf3 c5 4. g3 b6 5. Bg2 Bb7 6. d4 cxd4 7. Qxd4 Nc6 8. Qf4
Be7 9. O-O O-O 10. e4 Rc8 11. Rd1 a6 12. e5 Ne8 13. Qd2 d6 14. Qe2 Qc7 15. exd6
Nxd6 16. b3 Nf5 17. Bf4 Bd6 18. Bxd6 Nxd6 19. Rd2 Nf5 20. Rad1 Rcd8 21. g4 Rxd2
22. Rxd2 Nfe7 23. Qe3 Ng6 24. Na4 b5 25. Nc5 Bc8 26. cxb5 axb5 27. h3 Nb4 28.
Qd4 Nd5 29. b4 Bb7 30. Nxb7 Qxb7 31. Ne5 Nge7 32. Rc2 Qa7 33. Qxa7 1-0

[Event "MCRE_SF13"]
[Site "?"]
[Date "2008.??.??"]
[Round "1"]
[White "Portych, Vaclav"]
[Black "Kudr, Roman"]
[Result "1/2-1/2"]
[WhiteElo "2187"]
[BlackElo "2182"]
[PlyCount "41"]
[EventDate "2008.??.??"]
[EventType "corr"]
[EventRounds "2"]
[SourceDate "2008.05.08"]

1. c4 Nf6 2. Nc3 e6 3. Nf3 c5 4. g3 b6 5. Bg2 Bb7 6. O-O Be7 7. d4 cxd4 8. Qxd4
Nc6 9. Qf4 d6 10. Rd1 O-O 11. b3 Qb8 12. Bb2 a6 13. Ng5 Ne5 14. Bxb7 Qxb7 15.
Nce4 Qc7 16. Rd2 Nxe4 17. Nxe4 Rad8 18. Rad1 b5 19. cxb5 axb5 20. Rc1 Qb8 21.
Rdc2 1/2-1/2

[Event "MCRE_SF13"]
[Site "?"]
[Date "2008.??.??"]
[Round "1"]
[White "Portych, Vaclav"]
[Black "Struzka, Vlastimil"]
[Result "0-1"]
[WhiteElo "2187"]
[BlackElo "2117"]
[PlyCount "60"]
[EventDate "2008.??.??"]
[EventType "corr"]
[EventRounds "2"]
[SourceDate "2008.05.08"]

1. c4 e5 2. Nc3 Nc6 3. Nf3 Nf6 4. g3 Bc5 5. Bg2 d6 6. d3 a5 7. O-O h6 8. e3 O-O
9. b3 Bf5 10. Bb2 Bb6 11. a3 Qd7 12. Rc1 Bg4 13. Qc2 Bh3 14. Rfe1 Qg4 15. Nd5
Nxd5 16. cxd5 Ne7 17. Qc4 Qd7 18. Rc2 Bxg2 19. Kxg2 c6 20. dxc6 bxc6 21. Bc3
Rfb8 22. h3 Bc7 23. Rb1 Rb5 24. Qg4 f5 25. Qc4+ d5 26. Qa4 Qe6 27. Rbc1 Rbb8
28. d4 e4 29. Ne5 Kh7 30. b4 axb4 0-1

[Event "MCRE_SF13"]
[Site "?"]
[Date "2008.??.??"]
[Round "1"]
[White "Struzka, Vlastimil"]
[Black "Binas, Jindrich"]
[Result "0-1"]
[WhiteElo "2117"]
[BlackElo "2094"]
[PlyCount "102"]
[EventDate "2008.??.??"]
[EventType "corr"]
[EventRounds "2"]
[SourceDate "2008.05.08"]

1. d4 Nf6 2. c4 e6 3. Nc3 Bb4 4. e3 O-O 5. Nf3 b6 6. Bd3 Bb7 7. O-O c5 8. Bd2
cxd4 9. exd4 d5 10. cxd5 Nxd5 11. Qe2 Nc6 12. Be4 Re8 13. a3 Bf8 14. Qd3 g6 15.
Rfe1 Bg7 16. Bxd5 exd5 17. Rxe8+ Qxe8 18. Bf4 Qd7 19. Re1 Re8 20. Rxe8+ Qxe8
21. Qe3 Qxe3 22. fxe3 Na5 23. Nb5 Nc4 24. b3 Na5 25. Nd2 Bf8 26. Bd6 Bc6 27.
Bxf8 Bxb5 28. Bd6 Bd3 29. Kf2 f6 30. Bb8 Nc6 31. Bd6 h5 32. h3 Kf7 33. g4 h4
34. b4 Ke6 35. Bh2 g5 36. Nb3 Bc2 37. Nd2 b5 38. Bc7 Kd7 39. Bh2 a5 40. bxa5
Nxa5 41. Ke2 Be4 42. Kf2 Nc4 43. Nxc4 dxc4 44. Ke2 Bg2 45. d5 Bxh3 46. e4 Bxg4+
47. Ke3 Bh5 48. Kd4 Bf3 49. e5 f5 50. d6 g4 51. Bf4 g3 0-1

[Event "MCRE_SF13"]
[Site "?"]
[Date "2008.??.??"]
[Round "2"]
[White "Bares, Jiri"]
[Black "Cvak, Rudolf"]
[Result "1/2-1/2"]
[WhiteElo "2259"]
[BlackElo "2264"]
[PlyCount "84"]
[EventDate "2008.??.??"]
[EventType "corr"]
[EventRounds "2"]
[SourceDate "2008.05.08"]

1. d4 Nf6 2. c4 g6 3. Nc3 Bg7 4. e4 d6 5. Nf3 O-O 6. Be2 e5 7. O-O exd4 8. Nxd4
Re8 9. f3 Nc6 10. Be3 Nh5 11. f4 Nf6 12. Bf3 Bg4 13. Nxc6 Bxf3 14. Qxf3 bxc6
15. Bf2 Rb8 16. b3 Qe7 17. Rae1 Ng4 18. Bg3 Qf8 19. Nd1 Bd4+ 20. Kh1 Nf6 21.
Nf2 c5 22. e5 Nh5 23. Ng4 f5 24. exf6 Nxf6 25. Ne5 a6 26. Qd3 dxe5 27. fxe5 Rb6
28. b4 Rbe6 29. exf6 Rxf6 30. b5 Re3 31. Rxf6 Rxe1+ 32. Bxe1 Qxf6 33. a4 axb5
34. cxb5 Qe6 35. Bg3 Bf6 36. Qf1 c4 37. Bxc7 c3 38. b6 Qc6 39. h3 c2 40. Bf4
Be5 41. Bh6 Bg7 42. Bc1 Qd5 1/2-1/2

[Event "MCRE_SF13"]
[Site "?"]
[Date "2008.??.??"]
[Round "2"]
[White "Binas, Jindrich"]
[Black "Cvak, Rudolf"]
[Result "1/2-1/2"]
[WhiteElo "2094"]
[BlackElo "2264"]
[PlyCount "83"]
[EventDate "2008.??.??"]
[EventType "corr"]
[EventRounds "2"]
[SourceDate "2008.05.08"]

1. e4 e5 2. Nf3 Nf6 3. Nxe5 d6 4. Nf3 Nxe4 5. d4 d5 6. Bd3 Nc6 7. O-O Be7 8. c4
Nb4 9. Be2 O-O 10. Nc3 Bf5 11. a3 Nxc3 12. bxc3 Nc6 13. Re1 Re8 14. cxd5 Qxd5
15. Bf4 Rac8 16. h3 h6 17. c4 Qe4 18. Bg3 Bf6 19. Bf1 Qc2 20. Rxe8+ Rxe8 21.
Qxc2 Bxc2 22. Rc1 Bg6 23. d5 Ne5 24. Nxe5 Bxe5 25. Re1 f6 26. Re3 Kf7 27. Bxe5
Rxe5 28. Rb3 b6 29. f4 Re1 30. Kf2 Rc1 31. Re3 Bf5 32. Be2 Bc8 33. h4 Bd7 34.
h5 Rc2 35. Ke1 f5 36. Kf2 Rc1 37. Rb3 Rc2 38. Ke1 Ba4 39. Rg3 Kf8 40. Re3 a5
41. Kf1 Rc1+ 42. Kf2 1/2-1/2